Who Wrote That? #23 - Statistics

General Stats
  • This quiz has been taken 17 times
  • The average score is 5 of 10
Answer Stats
Hint Explanation Answer % Correct
“O Captain! my Captain! our fearful trip is done,
The ship has weather’d every rack, the prize we sought is won,
The port is near, the bells I hear, the people all exulting,
While follow eyes the steady keel, the vessel grim and daring;
    But O heart! heart! heart!
      O the bleeding drops of red,
        Where on the deck my Captain lies,
          Fallen cold and dead.”
“O Captain! My Captain!” Walt Whitman
87%
“I will have my voice: Indian, Spanish, white. I will have my serpent’s tongue—my woman’s voice, my sexual voice, my poet’s voice. I will overcome the tradition of silence.” Borderlands/La Frontera: The New Mestiza Gloria Anzaldúa
73%
“Before the moon I am, what a woman is, a woman of power, a woman’s power, deeper than the roots of trees, deeper than the roots of islands, older than the Making, older than the moon.” Tehanu: The Last Book of Earthsea Ursula K. Le Guin
67%
"There is an idea of a Patrick Bateman, some kind of abstraction, but there is no real me, only an entity, something illusory, and though I can hide my cold gaze and you can shake my hand and feel flesh gripping yours and maybe you can even sense our lifestyles are probably comparable: I simply am not there." American Psycho Bret Easton Ellis
60%
“She says nothing at all, but simply stares upward into the dark sky and watches, with sad eyes, the slow dance of the infinite stars.” Stardust Neil Gaiman
47%
“Some men get the world, some men get ex-hookers and a trip to Arizona. You’re in with the former, but my God I don’t envy the blood on your conscience.” L.A. Confidential James Ellroy
40%
“Perhaps it was freedom itself that choked her.” The Price of Salt Patricia Highsmith
40%
“I have a rendezvous with Death
At some disputed barricade,
When Spring comes back with rustling shade
And apple-blossoms fill the air—
I have a rendezvous with Death
When Spring brings back blue days and fair.”
“I Have a Rendezvous with Death” Alan Seeger
33%
"Why can't people have what they want? The things were all there to content everybody; yet everybody has the wrong thing." The Good Soldier Ford Madox Ford
27%
"I know. I was there. I saw the great void in your soul, and you saw mine." Birdsong Sebastian Faulks
13%
No matching quizzes found
Score Distribution
Percent of People with Each Score
Percentile by Number Answered
Your Score History
You have not taken this quiz